00787 2200253 4500001002100000005001500021035002000036007000300056008004100059245011400100260003400214300004800248082002000296084001600316250000600332856004200338020002200380650001400402650001800416650001600434700001900450110004800469990001600517INLIS00000000000010320211202112230 a0010-1221000009ta211202 g 0 ind 1 aPengelolaan Stasiun Iklim :bPetunjuk Teknis /cTim Katam Terpadu Badan Penelitian dan Pengembangan Pertanian aJakarta :bIAARD Press,c2013 axii + 36hlm. :bill .; tab. ;c15 x 23,5 cm a572.021:519.543 a633.1 BAD m a1 aPerpustakaan Sekretariat Balitbangtan a978-602-9462-48-7 4aPertanian 4aStasiun Iklim 4aPengelolaan0 aSari, Kharmila0 aBADAN PENELITIAN DAN PENGEMBANGAN PERTANIAN a1404/2021/B